<?xml version="1.0" encoding="UTF-8"?>
<record
    xmlns:xsi="http://www.w3.org/2001/XMLSchema-instance"
    xsi:schemaLocation="http://www.loc.gov/MARC21/slim http://www.loc.gov/standards/marcxml/schema/MARC21slim.xsd"
    xmlns="http://www.loc.gov/MARC21/slim">

  <leader>01124cam0a220021700 4500</leader>
  <controlfield tag="001">tmp15223769</controlfield>
  <controlfield tag="003">UPRA</controlfield>
  <controlfield tag="005">20190826103206.0</controlfield>
  <controlfield tag="008">950718s1954    be                  fre u</controlfield>
  <datafield tag="035" ind1=" " ind2=" ">
    <subfield code="a">(Sirsi) r105013</subfield>
  </datafield>
  <datafield tag="035" ind1=" " ind2=" ">
    <subfield code="a">(UPRA)tmp15223769</subfield>
  </datafield>
  <datafield tag="040" ind1=" " ind2=" ">
    <subfield code="c">UPRA</subfield>
  </datafield>
  <datafield tag="100" ind1="1" ind2=" ">
    <subfield code="a">Bulck, G. van.</subfield>
    <subfield code="6">A62003.1</subfield>
  </datafield>
  <datafield tag="245" ind1="1" ind2="0">
    <subfield code="a">Mission linguistique 1949-1951.</subfield>
  </datafield>
  <datafield tag="260" ind1=" " ind2=" ">
    <subfield code="a">Bruxelles,</subfield>
    <subfield code="c">1954.</subfield>
  </datafield>
  <datafield tag="490" ind1="1" ind2=" ">
    <subfield code="a">Institut Royal Colonial Belge. Section des Sciences Morales et Politiques. Memoires. Collection in-8  ;</subfield>
    <subfield code="v">t. 31, fasc. 5 et dernier</subfield>
  </datafield>
  <datafield tag="650" ind1=" " ind2="0">
    <subfield code="a">Bantu languages.</subfield>
    <subfield code="6">S3923.1</subfield>
  </datafield>
  <datafield tag="810" ind1="2" ind2=" ">
    <subfield code="a">Institut royal colonial belge. Section des sciences morales et politiques. Memoires. Collection in-8 ;</subfield>
    <subfield code="b">Institut royal colonial belge. Section des sciences morales et politiques. Memoires. Collection in-8 ;</subfield>
    <subfield code="t">Institut royal colonial belge. Section des sciences morales et politiques. Memoires. Collection in-8 ;</subfield>
    <subfield code="p">Institut royal colonial belge. Section des sciences morales et politiques. Memoires. Collection in-8 ;</subfield>
    <subfield code="v">t. 31, fasc. 5 et dernier</subfield>
    <subfield code="6">S5497.1</subfield>
  </datafield>
  <datafield tag="949" ind1=" " ind2=" ">
    <subfield code="a">DT1.A2</subfield>
    <subfield code="w">lcc</subfield>
    <subfield code="i">-149195</subfield>
    <subfield code="m">MAIN</subfield>
    <subfield code="t">BOOK</subfield>
    <subfield code="l">ON-SHELF</subfield>
  </datafield>
  <controlfield tag="004">105013</controlfield>
  <datafield tag="999" ind1=" " ind2=" ">
    <subfield code="c">165451</subfield>
    <subfield code="d">165451</subfield>
  </datafield>
</record>
